000 00314nam a22001457a 4500
008 210429b ||||| |||| 00| 0 eng d
020 _a9780205413652
041 _aeng
080 _25th
_a316
082 _a316
100 _a50
101 _aSOC
245 _aSociety in Focus
_cThompson,W.E
942 _2udc
_cBK
999 _c57020
_d57020